| 000 | 00349nam a2200133Ia 4500 | ||
|---|---|---|---|
| 008 | 240624s9999 xx 000 0 und d | ||
| 041 | _aeng | ||
| 082 | _a658.404 LEH | ||
| 100 | _aLEHMANN OLIVER F | ||
| 245 | _aSITUATIONAL PROJECT MANAGEMENT THE DYNAM | ||
| 260 |
_c2016 _aLondon _bCRC Press |
||
| 300 | _axxiii, 274 p.; 25 cm. | ||
| 365 |
_cBPS _b31 |
||
| 999 |
_c30135 _d30135 |
||